| 000 | 00648nam a2200205 i 4500 | ||
|---|---|---|---|
| 001 | 10833 | ||
| 003 | ES-MaACL | ||
| 005 | 20260610142457.0 | ||
| 007 | t| | ||
| 008 | 951113s1947 ag ||||1| spa d | ||
| 080 | _a840-2"19" | ||
| 100 | 1 |
_aValéry, Paul, _d1871-1945 _9243197 |
|
| 245 | 1 | 0 |
_aAnfion _b: melodrama / _cpor Paul Valéry ; traducido por Emilio Oribe ; dibujos de Luis Seoane. |
| 260 |
_aBuenos Aires : _bBotella del Mar, _c1947. |
||
| 300 |
_a30 p. : _bil. ; _c22 cm. |
||
| 700 | 1 |
_aOribe, Emilio. _987252 |
|
| 700 | 1 |
_aSeoane, Luis, _d1910-1979 _9155119 |
|
| 852 |
_aES-MaACL _j2150-F-1 _bR.123204 |
||
| 999 |
_c10833 _d10833 |
||